Plant systematics.
Uloženo v:
| Hlavní autor: | |
|---|---|
| Médium: | Neznámo |
| Vydáno: |
Amsterdam, The Netherlands:
Academic Press,
2019.
|
| Vydání: | Third Edition. |
| Témata: | |
| Tagy: |
Přidat tag
Žádné tagy, Buďte první, kdo vytvoří štítek k tomuto záznamu!
|
MARC
| LEADER | 00000 a2200000 4500 | ||
|---|---|---|---|
| 003 | CL-VaPUC | ||
| 005 | 20230111093544.0 | ||
| 008 | 230104t2019 ||||| |||| 00| 0 eng d | ||
| 999 | |c 439834 |d 439832 | ||
| 020 | |a 9780128126288 | ||
| 040 | |c Pontificia Universidad Católica de Valparaíso | ||
| 082 | 7 | |a 580.12 SIM 2019 |2 22 | |
| 100 | |a Simpson, Michael G |9 586384 |e author | ||
| 245 | |a Plant systematics. | ||
| 250 | |a Third Edition. | ||
| 260 | |a Amsterdam, The Netherlands: |b Academic Press, |c 2019. | ||
| 300 | |a xii, 761 páginas, |b ilustraciones. | ||
| 583 | |k GC |c 20230104 | ||
| 650 | |a Plantas |x Morfología |9 879649 | ||
| 650 | |a Plantas |x Clasificación |9 879650 | ||
| 650 | |a Plantas |x Evolución |9 879651 | ||
| 942 | |2 ddc |c BK | ||
| 952 | |0 0 |1 0 |2 ddc |4 0 |6 580_120000000000000_SIM_2019 |7 0 |8 A |9 588520 |a BIBCUR |b BIBCUR |c GEN |d 2023-01-04 |e 3 |g 95916.00 |i 5656300 |o 580.12 SIM 2019 |p 5656300 |r 2024-01-29 |t 1 |v 95916.00 |w 2023-01-04 |y BK |k BIO | ||
| 952 | |0 0 |1 0 |2 ddc |4 0 |6 580_120000000000000_SIM_2019 |7 0 |8 A |9 593038 |a BIBCUR |b BIBCUR |c GEN |d 2023-12-22 |e 13 |g 141134.00 |i 5659928 |o 580.12 SIM 2019 |p 5659928 |r 2025-04-22 |t 2 |v 141134.00 |w 2023-12-22 |y BK |k BIO | ||